00812cam a2200217 4500001001300000003000400013005001700017008004100034010001700075025002000092040001800112041001100130050001900141245017200160260008900332300005000421500002200471600004200493700004200535999001700577sa 68018179 DLC20260227112709.0711013s1963 ii ach 010 0beng  asa 68018179  aPL480:I-E-10579 aDLCcDLCdDLC0 aenghin00aDS481.R278bC600aCommemoration volume presented to Poojya Swami Ramananda Tirtha on his 61st birthday by the Shashtyabdipoortī Celebrations Committee on 23-10-1963 at Hyderabad, A.P. a[Hyderabad,bSwami Ramananda Tirtha Shashtyabdipoorti Celebrations Committee,c1963] a[28], 127 p.billus., facsim., ports.c25 cm. aEnglish or Hindi.00aRamananda Tirtha,cSwami,d1903-1972.0 aRamananda Tirtha,cSwami,d1903-1972. c88225d88225